Business analytics (Record no. 1308899)

MARC details
000 -LEADER
fixed length control field 01038nam a2200229 4500
005 - DATE AND TIME OF LATEST TRANSACTION
control field 20250624140833.0
008 - FIXED-LENGTH DATA ELEMENTS--GENERAL INFORMATION
fixed length control field 250411b |||||||| |||| 00| 0 eng d
020 ## - INTERNATIONAL STANDARD BOOK NUMBER
International Standard Book Number 9781529774092
040 ## - CATALOGING SOURCE
Original cataloging agency CSL
Transcribing agency CSL
041 ## - LANGUAGE CODE
Source of code eng
Language code of text/sound track or separate title eng
100 ## - MAIN ENTRY--PERSONAL NAME
Personal name Abdey, James
9 (RLIN) 752208
Relator term author
245 ## - TITLE STATEMENT
Title Business analytics
Remainder of title : Applied modelling and prediction
260 ## - PUBLICATION, DISTRIBUTION, ETC.
Place of publication, distribution, etc. London :
Name of publisher, distributor, etc. Sage,
Date of publication, distribution, etc. 2024.
300 ## - PHYSICAL DESCRIPTION
Extent xxi, 674 p.
Other physical details : Col. ill.
Dimensions ; 24 cm.
500 ## - GENERAL NOTE
General note Includes Appendix and index
520 ## - SUMMARY, ETC.
Summary, etc. Analytical skills are in high demand but short supply. Through a unique combination of data visualisation and analytics (both theoretical and applied), this ground-breaking textbook provides you with the expertise to analyse, interpret and communicate data with confidence, to inform real-world decision-making.<br/>
650 ## - SUBJECT ADDED ENTRY--TOPICAL TERM
Topical term or geographic name entry element Statistics.
650 ## - SUBJECT ADDED ENTRY--TOPICAL TERM
Topical term or geographic name entry element Decision making -- Mathematical models.
9 (RLIN) 752209
650 ## - SUBJECT ADDED ENTRY--TOPICAL TERM
Topical term or geographic name entry element Predictive analytics.
9 (RLIN) 752210
650 ## - SUBJECT ADDED ENTRY--TOPICAL TERM
Topical term or geographic name entry element Hypothesis testing.
942 ## - ADDED ENTRY ELEMENTS (KOHA)
Source of classification or shelving scheme Colon Classification (CC)
Suppress in OPAC No
Koha item type Textual
Classification part B288 R4
Holdings
Withdrawn status Lost status Source of classification or shelving scheme Damaged status Not for loan Home library Current library Date acquired Total Checkouts Full call number Barcode Date last seen Price effective from Koha item type
    Colon Classification (CC)     Ratan Tata Library Ratan Tata Library 2025-04-11   X9:8 R4 RT1528336 2025-04-11 2025-04-11 Textbook
Copyright @ Delhi University Library System